000
00264nam a2200109Ia 4500
008
190914s9999||||xx |||||||||||||| ||und||
100
_a
Mintzberg, Quinn
245
4
_a
The Strategy Process
260
_a
New Delhi
_b
McGraw -Hill
_c
1991
300
_a
1134
942
_c
BK
999
_c
8367
_d
8367